MARC

LEADER 00000nam0a2200000 4500
001 298531
005 20231102001119.0
020 |a RU  |b 84-69266 
035 |a (RuTPU)RU\TPU\book\323674 
090 |a 298531 
100 |a 20150618d1984 m y0rusy5003 ca 
101 0 |a rus 
102 |a RU 
105 |a a j 001zy 
200 1 |a Основы геодезии и маркшейдерского дела  |e учебное пособие   |f И. И. Пацев 
210 |a Москва  |c Недра  |d 1984 
215 |a 320 с.  |c ил. 
225 1 |a Профтехобразование 
320 |a Библиогр.: с. 315-316 
606 |a Геодезическо-маркшейдерские приборы  |2 stltpush  |3 (RuTPU)RU\TPU\subj\6014  |9 33981 
610 1 |a земная поверхность 
610 1 |a графическое изображение 
610 1 |a углы 
610 1 |a измерение 
610 1 |a точки на поверхности 
610 1 |a превышение 
610 1 |a съемка 
610 1 |a нивелирные работы 
610 1 |a геодезические данные 
610 1 |a передача 
610 1 |a маркшейдерские работы 
610 1 |a маркшейдерская документация 
610 1 |a использование 
610 1 |a хранение 
610 1 |a охрана труда 
610 1 |a учебные пособия 
675 |a 622.1:528(075.32)  |v 3 
700 1 |a Пацев  |b И. И.  |g Иван Иванович 
801 0 |a RU  |b RuMRKP  |c 19950704  |g psbo 
801 1 |a RU  |b 63413507  |c 20150618 
801 2 |a RU  |b 63413507  |c 20191225  |g RCR 
942 |c BK